Statistics for 海南人口最多的10个县级行政区 10 most populous county-level regions in Hainan

Click here to take the quiz!

General Stats

  • This quiz has been taken 16 times
  • The average score is 8 of 9

Answer Stats

人口地市县区% Correct
85海口市美兰区
100%
55省直辖万宁市
100%
57海口市秀英区
93%
56省直辖文昌市
93%
53省直辖琼海市
93%
50省直辖澄迈县
93%
46省直辖乐东黎族自治县
86%
80海口市龙华区
79%
66海口市琼山区
79%

Score Distribution

Percentile by Number Answered

Percent of People with Each Score

Your Score History

You have not taken this quiz